Normal view
MARC view
Entry Personal Name
001 - CONTROL NUMBER
- control field: 26589
003 - CONTROL NUMBER IDENTIFIER
- control field: ARRUPE
005 - DATE AND TIME OF LATEST TRANSACTION
- control field: 20161007113931.0
008 - FIXED-LENGTH DATA ELEMENTS
- fixed length control field: 161007|| aca||aabn | a|a d
040 ## - CATALOGING SOURCE
- Original cataloging agency: ARRUPE
- Transcribing agency: ARRUPE
100 ## - HEADING--PERSONAL NAME
- Personal name: Tomkins, Calvin,
- Dates associated with a name: 1925-
670 ## - SOURCE DATA FOUND
- Source citation: Work cat.: (ARRUPE)0: Tomkins, Calvin, 1925-, The world of Marcel Duchamp, 1887-1968 /, 1972.